| 000 | 01152nam a2200325 a 4500 | ||
|---|---|---|---|
| 001 | 47815 | ||
| 003 | BD-RjUL | ||
| 005 | 20211209054411.0 | ||
| 008 | 160810s2002 enkab b 001 0 eng | ||
| 020 | _a0521811775 (hardback) | ||
| 020 | _a0521010535 (pbk.) | ||
| 035 | _a(BD-RjUL)47934 | ||
| 040 |
_aDLC _cDLC _dBD-RjUL _beng |
||
| 041 | _aeng | ||
| 082 | 0 | 0 |
_a323.042 _223 _bNOD 2002 |
| 100 | 1 |
_aNorris, Pippa _9145182 |
|
| 245 | 1 | 0 |
_aDemocratic phoenix : _breinventing political activism / _cPippa Norris |
| 260 |
_aCambridge, UK ; _aNew York, NY : _bCambridge University Press, _cc2002 |
||
| 300 |
_axiv, 290 p. : _bill. ; _c24 cm. |
||
| 504 | _aIncludes bibliographical references (p. 267-281) and index. | ||
| 650 | 0 |
_aPolitical participation. _9145183 |
|
| 650 | 0 |
_aPolitical parties. _9145184 |
|
| 650 | 0 |
_aElections. _9145185 |
|
| 650 | 0 |
_aPressure groups. _9145186 |
|
| 650 | 0 |
_aSocial movements. _9145187 |
|
| 856 | 4 | 2 |
_3Publisher description _uhttp://www.loc.gov/catdir/description/cam022/2002020164.html |
| 856 | 4 | 1 |
_3Table of contents _uhttp://www.loc.gov/catdir/toc/cam025/2002020164.html |
| 942 |
_2ddc _cBK |
||
| 999 |
_c47815 _d47815 |
||